000 00559nam a22002297a 4500
003 UA-OsUOA
001 45774
007 ta
008 20070514b un ||||| |||| 00| 0 ukr d
090 _a(038)811.374.2
_bУ45
942 _cBK
040 _aUA-OsUOA
_bukr
_cUA-OsUOA
_dUA-OsUOA
245 _aУкраїнський орфографічний словник
300 _a1069 с.
955 _a2
041 _aukr
080 _a(038)811.374.2
020 _a966-507-167-Х
260 _aК.
_bДовіра
_c2005
650 7 _2UDC
999 _c331873
_d331873